000 00958nam a22002537a 4500
008 240706b mp ||||| |||| 00| 0 mon d
020 _a9789997365071
035 _a62266
040 _aBH0164090
_bmon
_cMN-UlNLM
_dMN-UlNLM
_erda
041 _amon
042 _a188035
084 _2NNA
_a83,8
_bД.401
100 _aДефо Д
245 0 _aРобинзон Крузо
264 _aУлаанбаатар
_bМир Ном Паблишинг
_c2018
300 _a153х.
336 _2rdacontent
_atext
_btxt
337 _2rdamedia
_aunmediated
_bn
338 _2rdacarrier
_avolume
_bnc
490 _aСонгодог зохиол
650 _aХөлөг нь сүйрсэн Робинзон эзгүй арал дээр хаягдаж ихээхэн хүнд хэцүү сорилттой тулгарна. Энэ явдал арван долоо дугаар зууны үед ...
942 _2NNA
_cBK
999 _c1122484
_d1122541